| 000 | 00872nam a22002652a 4500 | ||
|---|---|---|---|
| 001 | 21850 | ||
| 003 | BD-RjUL | ||
| 005 | 20211209000733.0 | ||
| 008 | 140305s1969 ilu b 000 0beng d | ||
| 035 | _a(BD-RjUL)21915 | ||
| 040 |
_aDLC _cDLC _dBD-RjUL _beng |
||
| 041 | _aeng | ||
| 082 | 0 | 0 |
_a943.0530924 _bCAH V-3 1969 |
| 100 | 1 |
_aCarlyle, Thomas, _d1795-1881. _967462 |
|
| 245 | 1 | 0 |
_aHistory of Friedrich II. of Prussia, called Frederick the Great / _cThomas Carlyle. _nvolume III |
| 260 |
_a New York : _bAms Press, _cc1969. |
||
| 300 |
_aviii, 413 p. ; _c21 cm. |
||
| 490 | 1 | _aClassic European historians | |
| 600 | 0 | 0 |
_aFrederick _cKing of Prussia, _d1712-1786. _967469 |
| 651 | 0 |
_aPrussia (Germany) _xHistory _yFrederick II, 1740-1786 _967123 |
|
| 830 | 0 |
_aClassic European historians _967470 |
|
| 942 |
_2ddc _cBK |
||
| 999 |
_c21850 _d21850 |
||